[Event "First Saturday Tournament Budapest"]
[Site "Budapest"]
[Date "2012.06.02"]
[Round "1.1"]
[White "Volodin, Viktor"]
[Black "Szalanczy, Emil"]
[Result "0-1"]
[WhiteElo "2197"]
[BlackElo "2262"]
[PlyCount "51"]
[EventDate "2012.06.02"]

1. Nf3 c5 2. c4 Nc6 3. d4 cxd4 4. Nxd4 Nf6 5. Nc3 e6 6. g3 Bb4 7. Bg2 Qb6 8.
Nb3 d5 9. Be3 Qd8 10. O-O dxc4 11. Qxd8+ Kxd8 12. Rfd1+ Bd7 13. Nc5 Bxc5 14.
Bxc5 Rc8 15. Nb5 b6 16. Ba3 Nd5 17. Nd6 Kc7 18. Nxc8 Rxc8 19. Bxd5 exd5 20.
Rxd5 Be6 21. Rd2 a5 22. Bd6+ Kb7 23. Rad1 b5 24. Kg2 a4 25. Bf4 Nb4 26. b3 {
after 15 move} 0-1

[Event "First Saturday Tournament Budapest"]
[Site "Budapest"]
[Date "2012.06.02"]
[Round "1.2"]
[White "Serra Olives, Tomas"]
[Black "Ernst, Michael"]
[Result "1/2-1/2"]
[WhiteElo "2153"]
[BlackElo "2233"]
[PlyCount "105"]
[EventDate "2012.06.02"]

1. e4 e6 2. d4 d5 3. Nc3 dxe4 4. Nxe4 Nd7 5. Nf3 Ngf6 6. Nxf6+ Nxf6 7. Bc4 Be7
8. O-O O-O 9. Ne5 c5 10. c3 Qc7 11. Qe2 b6 12. Bf4 Bd6 13. Rad1 Bb7 14. Rfe1
Bd5 15. dxc5 Qxc5 16. Bxd5 Nxd5 17. Bg3 Rad8 18. c4 Ne7 19. b3 Nf5 20. Bf4 Rfe8
21. g4 Nd4 22. Qe4 Bxe5 23. Bxe5 Qxe5 24. Qxe5 Nf3+ 25. Kg2 Nxe5 26. Rxd8 Rxd8
27. Rxe5 Rd2 28. a4 Kf8 29. a5 Ke7 30. axb6 axb6 31. Rb5 Rd6 32. Kf3 f6 33. Ke4
g6 34. h4 f5+ 35. gxf5 exf5+ 36. Kf4 Kf6 37. Ke3 Re6+ 38. Kd4 h6 39. f4 g5 40.
hxg5+ hxg5 41. fxg5+ Kxg5 42. b4 Kg4 43. c5 bxc5+ 44. bxc5 f4 45. Kd5 Re1 46.
c6 Rd1+ 47. Kc5 f3 48. Rb4+ Kg3 49. c7 Rc1+ 50. Rc4 Rxc4+ 51. Kxc4 f2 52. c8=Q
f1=Q+ 53. Kd5 1/2-1/2

[Event "First Saturday Tournament Budapest"]
[Site "Budapest"]
[Date "2012.06.02"]
[Round "1.3"]
[White "Farago, Sandor"]
[Black "Lengyel, Bela"]
[Result "1/2-1/2"]
[WhiteElo "2270"]
[BlackElo "2260"]
[PlyCount "39"]
[EventDate "2012.06.02"]

1. e4 e5 2. Nf3 Nc6 3. Bb5 a6 4. Ba4 Nf6 5. O-O Be7 6. Re1 b5 7. Bb3 d6 8. c3
O-O 9. h3 Na5 10. Bc2 c5 11. d4 Qc7 12. Nbd2 Nc6 13. d5 Na5 14. b3 Bd7 15. Nf1
Nb7 16. Ng3 g6 17. Bh6 Rfc8 18. Qd2 c4 19. b4 a5 20. Nf5 1/2-1/2

[Event "First Saturday Tournament Budapest"]
[Site "Budapest"]
[Date "2012.06.02"]
[Round "1.4"]
[White "Xu, Huahua"]
[Black "Krumpacnik, Domen"]
[Result "0-1"]
[WhiteElo "2168"]
[BlackElo "2382"]
[PlyCount "112"]
[EventDate "2012.06.02"]

1. e4 c5 2. Nf3 g6 3. g3 Bg7 4. Bg2 Nc6 5. O-O e6 6. Re1 Nge7 7. c3 d5 8. exd5
Nxd5 9. d3 O-O 10. Bg5 Qd7 11. Qd2 b6 12. Na3 Bb7 13. Bh6 Nde7 14. Bxg7 Kxg7
15. h4 Rad8 16. Rad1 Ba6 17. d4 cxd4 18. cxd4 Qd6 19. Nc2 Rd7 20. h5 Ng8 21.
Qc3 f6 22. hxg6 hxg6 23. d5 exd5 24. Ng5 Nd8 25. Rxd5 Qc7 26. Qxc7 Rxc7 27. Nb4
Bc4 28. Rc1 fxg5 29. Rd4 b5 30. b3 a5 31. Nd5 Ne6 32. Nxc7 Nxd4 33. Rd1 Ne6 34.
Rd7+ Rf7 35. Ne8+ Kf8 36. Rxf7+ Kxf7 37. bxc4 Kxe8 38. cxb5 Nf6 39. b6 Kd7 40.
Kf1 Kd6 41. Ke2 Nd7 42. b7 Kc7 43. Be4 Nd4+ 44. Kd3 Nf5 45. Ke2 Nc5 46. Bd5 Ne7
47. Bc4 Nxb7 48. Kf3 Nd6 49. Be6 Ne8 50. Kg4 Kd6 51. Bc4 Nf6+ 52. Kxg5 Ne4+ 53.
Kf4 Nxf2 54. Be2 Kd5 55. g4 Nh3+ 56. Kg3 Ng5 0-1

[Event "First Saturday Tournament Budapest"]
[Site "Budapest"]
[Date "2012.06.02"]
[Round "1.5"]
[White "Dolgener, Tobias"]
[Black "Lyell, Mark"]
[Result "1-0"]
[WhiteElo "2215"]
[BlackElo "2184"]
[PlyCount "79"]
[EventDate "2012.06.02"]

1. e4 c6 2. d4 d5 3. exd5 cxd5 4. c3 Nc6 5. Bf4 Nf6 6. Bd3 g6 7. h3 Bg7 8. Nf3
O-O 9. O-O Bd7 10. Nbd2 Be8 11. Re1 Nd7 12. Qb3 Nb6 13. a4 a5 14. Ne5 Nxe5 15.
Bxe5 Bxe5 16. Rxe5 Bc6 17. Re3 Rc8 18. h4 e6 19. h5 Nc4 20. Nxc4 dxc4 21. Bxc4
Qg5 22. Bf1 Qxh5 23. Re5 Qg4 24. Rxa5 Bf3 25. Re5 h5 26. Rae1 h4 27. c4 Bc6 28.
Qe3 Rfd8 29. d5 exd5 30. Be2 Qd7 31. cxd5 Bxa4 32. Qd4 Re8 33. Bg4 Rxe5 34.
Rxe5 Rc1+ 35. Kh2 Qd6 36. f4 Bd7 37. Bxd7 Qxd7 38. d6 f6 39. Re7 Qg4 40. Qd5+
1-0

[Event "First Saturday Tournament Budapest"]
[Site "Budapest"]
[Date "2012.06.03"]
[Round "2.1"]
[White "Szalanczy, Emil"]
[Black "Lyell, Mark"]
[Result "1-0"]
[WhiteElo "2262"]
[BlackElo "2184"]
[PlyCount "63"]
[EventDate "2012.06.02"]

1. e4 e5 2. Nf3 Nc6 3. Bb5 f5 4. Nc3 fxe4 5. Nxe4 Nf6 6. Qe2 d5 7. Nxf6+ gxf6
8. d4 Bg7 9. dxe5 O-O 10. e6 Ne5 11. Be3 Bxe6 12. h3 Qc8 13. Nd4 c6 14. Bd3 Bd7
15. g4 c5 16. Nf5 Nxd3+ 17. Qxd3 Bxf5 18. gxf5 d4 19. Bf4 Re8+ 20. Kf1 Qc6 21.
Rg1 Rad8 22. Bh6 Rd7 23. Re1 Rxe1+ 24. Kxe1 Re7+ 25. Kd2 Kf8 26. Rxg7 Rxg7 27.
Qg3 Qd7 28. Bxg7+ Qxg7 29. Qb8+ Kf7 30. Qxb7+ Kf8 31. Qxg7+ Kxg7 32. Kd3 1-0

[Event "First Saturday Tournament Budapest"]
[Site "Budapest"]
[Date "2012.06.03"]
[Round "2.3"]
[White "Lengyel, Bela"]
[Black "Xu, Huahua"]
[Result "1-0"]
[WhiteElo "2260"]
[BlackElo "2168"]
[PlyCount "77"]
[EventDate "2012.06.02"]

1. e4 c5 2. Nf3 d6 3. d4 cxd4 4. Nxd4 Nf6 5. Nc3 g6 6. Be2 Bg7 7. O-O O-O 8.
Kh1 Nc6 9. Nb3 Be6 10. f4 Qc8 11. Be3 Rd8 12. Bg1 d5 13. e5 Ne4 14. Nxe4 dxe4
15. Qe1 f5 16. c3 g5 17. g3 b6 18. Nd4 g4 19. h3 Nxd4 20. Bxd4 gxh3 21. Rf2 Bc4
22. Rh2 b5 23. Rxh3 b4 24. g4 bxc3 25. bxc3 fxg4 26. Rh4 Rb8 27. Bxc4+ Qxc4 28.
Qxe4 h5 29. Rxh5 Rb2 30. Rh2 Rxh2+ 31. Kxh2 Rb8 32. Kg3 e6 33. Kxg4 Rb2 34. Kf3
Rh2 35. Rg1 Rh3+ 36. Kg4 Rh6 37. Rb1 Qxa2 38. Rb8+ Bf8 39. Bc5 1-0

[Event "First Saturday Tournament Budapest"]
[Site "Budapest"]
[Date "2012.06.03"]
[Round "2.4"]
[White "Ernst, Michael"]
[Black "Farago, Sandor"]
[Result "0-1"]
[WhiteElo "2233"]
[BlackElo "2270"]
[PlyCount "165"]
[EventDate "2012.06.02"]

1. d4 Nf6 2. Bf4 d6 3. e3 g6 4. Nf3 Nh5 5. Bg3 Nxg3 6. hxg3 Bg7 7. Nbd2 e5 8.
c3 Qe7 9. Qb3 e4 10. Ng1 c6 11. Rh4 f5 12. a4 Be6 13. Bc4 d5 14. Be2 O-O 15. c4
Na6 16. c5 Nb8 17. Rh1 Bc8 18. Nh3 Nd7 19. a5 Rb8 20. Qa4 Qf6 21. b4 b6 22.
axb6 axb6 23. Rc1 bxc5 24. bxc5 g5 25. Kd1 h6 26. Rb1 Rxb1+ 27. Nxb1 Nb8 28.
Qa7 Be6 29. Kd2 Nd7 30. Nc3 Qd8 31. Rb1 Qa8 32. Rb7 Qxa7 33. Rxa7 f4 34. gxf4
gxf4 35. Rc7 f3 36. Bf1 fxg2 37. Bxg2 Nb8 38. Ke1 Bg4 39. Ne2 Bf6 40. Nhf4 Bd8
41. Ra7 Rf7 42. Rxf7 Kxf7 43. Bh3 Ba5+ 44. Kf1 Bf3 45. Bg2 Bc7 46. Bxf3 exf3
47. Ng3 Bxf4 48. exf4 Kf6 49. Ke1 Na6 50. Kd2 Nc7 51. Ke3 Ne6 52. f5 Ng7 53.
Kf4 h5 54. Kxf3 h4 55. Ne2 Kxf5 56. Nf4 Kg5 57. Nh3+ Kf6 58. Ke3 Nf5+ 59. Kd3
Kg6 60. f3 Ne7 61. Ke3 Kf5 62. Nf4 Nc8 63. Nd3 Kg5 64. Ne5 Ne7 65. Nf7+ Kf6 66.
Ne5 Nf5+ 67. Kf4 h3 68. Ng4+ Ke6 69. Nh2 Nxd4 70. Kg4 Nb3 71. Kxh3 Nxc5 72. Kg4
Kf6 73. Kf4 Ne6+ 74. Ke3 c5 75. Ng4+ Kf5 76. Nh6+ Kg5 77. Nf7+ Kf6 78. Nd6 c4
79. f4 d4+ 80. Ke4 c3 81. Kd3 Nxf4+ 82. Kc2 Ke5 83. Nb5 0-1

[Event "First Saturday Tournament Budapest"]
[Site "Budapest"]
[Date "2012.06.03"]
[Round "2.5"]
[White "Volodin, Viktor"]
[Black "Serra Olives, Tomas"]
[Result "1-0"]
[WhiteElo "2197"]
[BlackElo "2153"]
[PlyCount "109"]
[EventDate "2012.06.02"]

1. Nf3 Nf6 2. c4 c5 3. g3 b6 4. Bg2 Bb7 5. O-O e6 6. Nc3 Be7 7. Re1 d6 8. e4
Nbd7 9. d4 cxd4 10. Nxd4 Qc7 11. b3 Rc8 12. Ndb5 Qb8 13. Bf4 e5 14. Bc1 a6 15.
Na3 b5 16. Nd5 Bxd5 17. cxd5 Bd8 18. Nc2 Bb6 19. Be3 Nc5 20. f3 Qa7 21. Kh1 O-O
22. Bh3 Rc7 23. Qe2 Ncd7 24. Bxb6 Qxb6 25. Nb4 a5 26. Nc6 Nb8 27. Bf1 Nxc6 28.
dxc6 b4 29. Qb5 Rb8 30. Qxb6 Rxb6 31. Bc4 Rbxc6 32. a3 Kf8 33. axb4 axb4 34.
Ra4 Rb6 35. Rd1 Ke7 36. Kg2 Nd7 37. Kf2 Nc5 38. Ra8 Ne6 39. Rd5 Nd4 40. f4 Nc6
41. Ke3 exf4+ 42. gxf4 Ra7 43. Rh8 Na5 44. Rxa5 Rxa5 45. Rxh7 Rh5 46. Rxg7 Rh3+
47. Kd4 Rxh2 48. Rxf7+ Ke8 49. Rf6 Rd2+ 50. Ke3 Rd1 51. f5 Rh1 52. Kf4 Rh8 53.
Rg6 Rf8 54. Bd5 Rb8 55. Kg5 {after 5 move} 1-0

[Event "First Saturday Tournament Budapest"]
[Site "Budapest"]
[Date "2012.06.04"]
[Round "3.1"]
[White "Serra Olives, Tomas"]
[Black "Szalanczy, Emil"]
[Result "1-0"]
[WhiteElo "2153"]
[BlackElo "2262"]
[PlyCount "61"]
[EventDate "2012.06.02"]

1. e4 c5 2. Nf3 d6 3. d4 cxd4 4. Nxd4 Nf6 5. Nc3 g6 6. Be3 Bg7 7. f3 Nc6 8. Bc4
Bd7 9. Qd2 Ne5 10. Bb3 Rc8 11. O-O-O O-O 12. Kb1 Re8 13. h4 Qa5 14. g4 Nc4 15.
Bxc4 Rxc4 16. h5 Rec8 17. hxg6 fxg6 18. Nb3 Qe5 19. f4 Qe6 20. f5 Qe5 21. Bf4
Nxe4 22. Bxe5 Nxd2+ 23. Nxd2 Bxe5 24. Nxc4 Rxc4 25. Nd5 Kg7 26. Nxe7 Rxg4 27.
fxg6 hxg6 28. Rdg1 Kf6 29. Rxg4 Bxg4 30. Rg1 Bh5 31. Nd5+ {after 40 move} 1-0

[Event "First Saturday Tournament Budapest"]
[Site "Budapest"]
[Date "2012.06.04"]
[Round "3.2"]
[White "Farago, Sandor"]
[Black "Volodin, Viktor"]
[Result "0-1"]
[WhiteElo "2270"]
[BlackElo "2197"]
[PlyCount "128"]
[EventDate "2012.06.02"]

1. e4 c5 2. Nf3 Nc6 3. d4 cxd4 4. Nxd4 Nf6 5. Nc3 e5 6. Ndb5 d6 7. a4 a6 8. Na3
Be7 9. f3 Be6 10. Bc4 Rc8 11. Nd5 O-O 12. O-O Nh5 13. Be3 Bg5 14. Bb6 Qd7 15.
c3 Kh8 16. Bf2 Rcd8 17. Nc2 g6 18. Nce3 f5 19. Nb6 Qf7 20. Bxe6 Qxe6 21. Ned5
fxe4 22. fxe4 Rf7 23. Qe2 Nf4 24. Nxf4 exf4 25. Rad1 h5 26. Qc4 Re7 27. Rfe1
Qg4 28. h3 Qe6 29. Qxe6 Rxe6 30. Rd5 Bf6 31. Nc4 Ne5 32. Na5 Rd7 33. Bd4 g5 34.
Bxe5 Bxe5 35. Nc4 g4 36. Red1 Rde7 37. h4 Kg7 38. a5 Re8 39. Kf1 R8e7 40. R1d3
Re8 41. Nd2 R8e7 42. b4 Re8 43. c4 R8e7 44. b5 Re8 45. Rb3 R8e7 46. Ke2 Bf6 47.
bxa6 bxa6 48. Kd3 Bxh4 49. Rxh5 Be1 50. Rg5+ Rg6 51. Rxg6+ Kxg6 52. Rb6 Bxd2
53. Rxd6+ Kg5 54. Kxd2 Rxe4 55. Rxa6 Rxc4 56. Ke2 Rc2+ 57. Kf1 Kh4 58. Ra8 Kg3
59. a6 Rxg2 60. a7 Ra2 61. Ke1 f3 62. Kd1 f2 63. Rf8 Rxa7 64. Ke2 Re7+ 0-1

[Event "First Saturday Tournament Budapest"]
[Site "Budapest"]
[Date "2012.06.04"]
[Round "3.3"]
[White "Xu, Huahua"]
[Black "Ernst, Michael"]
[Result "1/2-1/2"]
[WhiteElo "2168"]
[BlackElo "2233"]
[PlyCount "52"]
[EventDate "2012.06.02"]

1. e4 e6 2. d4 d5 3. Nc3 dxe4 4. Nxe4 Nd7 5. Nf3 Ngf6 6. Bg5 Be7 7. Nxf6+ Bxf6
8. Bxf6 Qxf6 9. Be2 O-O 10. O-O e5 11. dxe5 Nxe5 12. Nxe5 Qxe5 13. c3 Be6 14.
Bf3 Qb5 15. Qc2 Rad8 16. b3 b6 17. Rfd1 Bf5 18. Be4 Bxe4 19. Qxe4 Qc5 20. c4
Rd6 21. Rxd6 Qxd6 22. Re1 Qd2 23. Re2 Qd1+ 24. Re1 Qd2 25. Re2 Qd1+ 26. Re1 Qd2
1/2-1/2

[Event "First Saturday Tournament Budapest"]
[Site "Budapest"]
[Date "2012.06.04"]
[Round "3.4"]
[White "Dolgener, Tobias"]
[Black "Lengyel, Bela"]
[Result "1/2-1/2"]
[WhiteElo "2215"]
[BlackElo "2260"]
[PlyCount "25"]
[EventDate "2012.06.02"]

1. d4 d5 2. c4 e6 3. Nc3 Nf6 4. cxd5 exd5 5. Bg5 Nbd7 6. e3 Be7 7. Qc2 O-O 8.
Bd3 Re8 9. Nge2 Nf8 10. O-O c6 11. f3 g6 12. Rad1 Ne6 13. Bh4 1/2-1/2

[Event "First Saturday Tournament Budapest"]
[Site "Budapest"]
[Date "2012.06.04"]
[Round "3.5"]
[White "Lyell, Mark"]
[Black "Krumpacnik, Domen"]
[Result "1-0"]
[WhiteElo "2184"]
[BlackElo "2382"]
[PlyCount "55"]
[EventDate "2012.06.02"]

1. e4 c5 2. Nc3 Nc6 3. Bb5 Nd4 4. Bc4 e6 5. Nge2 Ne7 6. O-O a6 7. Nxd4 cxd4 8.
Ne2 d5 9. exd5 Nxd5 10. d3 b5 11. Bb3 Bc5 12. Nf4 Nxf4 13. Bxf4 Bd6 14. Qf3 Rb8
15. Qc6+ Ke7 16. Qe4 Bxf4 17. Qxf4 Qd6 18. Qh4+ Kf8 19. Rae1 Bb7 20. f4 Qd8 21.
Qh3 Qf6 22. Re5 h6 23. Qg3 h5 24. f5 h4 25. Qf4 Qh6 26. Qxd4 Re8 27. fxe6 f6
28. e7+ 1-0

[Event "First Saturday Tournament Budapest"]
[Site "Budapest"]
[Date "2012.06.05"]
[Round "4.1"]
[White "Szalanczy, Emil"]
[Black "Krumpacnik, Domen"]
[Result "1-0"]
[WhiteElo "2262"]
[BlackElo "2382"]
[PlyCount "51"]
[EventDate "2012.06.02"]

1. e4 e6 2. d4 d5 3. Nc3 dxe4 4. Nxe4 Nd7 5. Bd3 Ngf6 6. c3 Nxe4 7. Bxe4 Nf6 8.
Bc2 Bd7 9. Nf3 Bc6 10. O-O Qd5 11. Re1 Bd6 12. Bg5 Qb5 13. Ne5 Bxe5 14. Rxe5
Qxb2 15. Rb1 Qa3 16. Rc5 Rd8 17. Rb4 Nd5 18. Rb3 Qxa2 19. Qc1 Qa6 20. Bxd8 Kxd8
21. Be4 Kd7 22. c4 Ne7 23. d5 Ba4 24. Rxb7 exd5 25. Rcxc7+ Kd8 26. cxd5 1-0

[Event "First Saturday Tournament Budapest"]
[Site "Budapest"]
[Date "2012.06.05"]
[Round "4.2"]
[White "Lengyel, Bela"]
[Black "Lyell, Mark"]
[Result "1/2-1/2"]
[WhiteElo "2260"]
[BlackElo "2184"]
[PlyCount "129"]
[EventDate "2012.06.02"]

1. e4 e5 2. Nf3 Nc6 3. Bb5 f5 4. Nc3 fxe4 5. Nxe4 Nf6 6. Nxf6+ Qxf6 7. Qe2 Be7
8. Bxc6 bxc6 9. Nxe5 Qe6 10. Qe3 O-O 11. O-O Bf6 12. Nf3 Qf5 13. d3 d6 14. Rb1
Be6 15. b3 Rae8 16. Qf4 Qh5 17. Qg3 Bd5 18. Be3 Bc3 19. Bd4 Bxd4 20. Nxd4 c5
21. Nb5 Rf6 22. Rbe1 Bxg2 23. Kxg2 Rxe1 24. Rxe1 Rg6 25. Nxc7 Qf5 26. Re8+ Kf7
27. Re3 Rxg3+ 28. hxg3 Kg6 29. c4 h5 30. Nd5 Kh7 31. a3 a5 32. b4 cxb4 33. axb4
a4 34. b5 a3 35. b6 a2 36. b7 a1=Q 37. b8=Q h4 38. gxh4 Qg4+ 39. Rg3 Qgd1 40.
Kh3 Qd4 41. Kg2 Q4a1 42. Kh3 Qf1+ 43. Rg2 Qe5 44. Ne3 Qh1+ 45. Kg4 Qd4+ 46. Kf3
Qxd3 47. Qb7 Qh3+ 48. Rg3 Qh1+ 49. Rg2 Qhd1+ 50. Kg3 Qa1 51. Qe7 Qad4 52. Qg5
Qg6 53. Qxg6+ Kxg6 54. Kf3+ Kh7 55. Rg4 Qe5 56. Rg5 Qh2 57. h5 Qh1+ 58. Ke2 Qe4
59. Rd5 Qf4 60. Rf5 Qe4 61. f3 Qd4 62. Rd5 Qf4 63. Rf5 Qd4 64. Rd5 Qf4 65. Rf5
1/2-1/2

[Event "First Saturday Tournament Budapest"]
[Site "Budapest"]
[Date "2012.06.05"]
[Round "4.3"]
[White "Ernst, Michael"]
[Black "Dolgener, Tobias"]
[Result "1/2-1/2"]
[WhiteElo "2233"]
[BlackElo "2215"]
[PlyCount "38"]
[EventDate "2012.06.02"]

1. d4 Nf6 2. c4 g6 3. Nc3 d5 4. Nf3 Bg7 5. Bg5 Ne4 6. Bh4 Nxc3 7. bxc3 dxc4 8.
Qa4+ Qd7 9. Qxc4 b6 10. e3 Ba6 11. Qb3 Bxf1 12. Kxf1 c5 13. Ke2 cxd4 14. cxd4
Nc6 15. Rhd1 O-O 16. Rac1 Na5 17. Qb4 e6 18. Kf1 Rfc8 19. Bg3 Bf8 1/2-1/2

[Event "First Saturday Tournament Budapest"]
[Site "Budapest"]
[Date "2012.06.05"]
[Round "4.4"]
[White "Volodin, Viktor"]
[Black "Xu, Huahua"]
[Result "1/2-1/2"]
[WhiteElo "2197"]
[BlackElo "2168"]
[PlyCount "177"]
[EventDate "2012.06.02"]

1. Nf3 Nf6 2. c4 g6 3. d4 Bg7 4. g3 O-O 5. Bg2 d6 6. O-O Nc6 7. Nc3 a6 8. b3
Rb8 9. e3 b5 10. Qe2 bxc4 11. bxc4 Bf5 12. h3 Ne4 13. Nxe4 Bxe4 14. Nd2 Bxg2
15. Kxg2 e5 16. d5 Ne7 17. Rb1 Rxb1 18. Nxb1 f5 19. Qc2 f4 20. exf4 exf4 21.
Bxf4 Nf5 22. Qd2 h6 23. Nc3 g5 24. Be3 Qf6 25. Ne4 Nh4+ 26. gxh4 Qf3+ 27. Kg1
Qxe4 28. f4 Rb8 29. Bf2 gxf4 30. Re1 Qxc4 31. Rc1 Qe4 32. Qc2 Qxd5 33. Qxc7 Rb2
34. Qc4 Qxc4 35. Rxc4 f3 36. Rc8+ Kh7 37. Rc7 Rxa2 38. Bd4 Rg2+ 39. Kf1 Kg8 40.
Rc8+ Bf8 41. Bf2 Rg6 42. Ra8 Kf7 43. Rxa6 Ke6 44. Ra3 Rf6 45. Ba7 Rf4 46. Kf2
Rxh4 47. Rxf3 Bg7 48. Kg3 Ra4 49. Be3 Be5+ 50. Kg2 h5 51. Rf8 Ra2+ 52. Rf2 Ra3
53. Bf4 Bxf4 54. Rxf4 Re3 55. Rh4 Re5 56. Kf3 d5 57. Ra4 Rf5+ 58. Ke3 Ke5 59.
Rh4 Rg5 60. Kd3 Kd6 61. Ke3 Ke5 62. Kd3 Rf5 63. Ke3 Kf6 64. Ra4 Kg5 65. h4+ Kf6
66. Ra8 Re5+ 67. Kd4 Re4+ 68. Kxd5 Rxh4 69. Rf8+ Kg7 70. Rf5 Kg6 71. Ke5 Rg4
72. Rf8 Kg5 73. Rg8+ Kh4 74. Rh8 Ra4 75. Kf5 Ra7 76. Kf4 Rf7+ 77. Ke3 Kg4 78.
Ke2 h4 79. Rg8+ Kh3 80. Rg6 Kh2 81. Rg4 h3 82. Rg8 Kh1 83. Rg3 h2 84. Rg8 Ra7
85. Kf2 Ra2+ 86. Kf1 Ra1+ 87. Kf2 Rg1 88. Rf8 Rg7 89. Rf6 1/2-1/2

[Event "First Saturday Tournament Budapest"]
[Site "Budapest"]
[Date "2012.06.05"]
[Round "4.5"]
[White "Serra Olives, Tomas"]
[Black "Farago, Sandor"]
[Result "0-1"]
[WhiteElo "2153"]
[BlackElo "2270"]
[PlyCount "70"]
[EventDate "2012.06.02"]

1. e4 c5 2. Nf3 d6 3. d4 cxd4 4. Nxd4 Nf6 5. Nc3 a6 6. Be3 e6 7. f3 b5 8. Qd2
Be7 9. g4 Bb7 10. O-O-O Nc6 11. g5 Nd7 12. f4 Nc5 13. Nb3 Qc7 14. Bg2 b4 15.
Ne2 a5 16. Ned4 Nxd4 17. Qxd4 e5 18. Qc4 Ba6 19. Qd5 Nxb3+ 20. axb3 O-O 21. Qd2
Rfc8 22. Bh3 exf4 23. Bxf4 Rd8 24. Kb1 Bb7 25. Rhe1 Bc6 26. Bf1 Qb7 27. Bc4 a4
28. bxa4 Rxa4 29. b3 Ra3 30. Qd4 Rda8 31. h4 Bxe4 32. Rd2 d5 33. Bd3 Bc5 34.
Qb2 Qa7 35. Be5 Ra2 0-1

[Event "First Saturday Tournament Budapest"]
[Site "Budapest"]
[Date "2012.06.06"]
[Round "5.1"]
[White "Farago, Sandor"]
[Black "Szalanczy, Emil"]
[Result "1-0"]
[WhiteElo "2270"]
[BlackElo "2262"]
[PlyCount "115"]
[EventDate "2012.06.02"]

1. e4 c5 2. Nf3 d6 3. Bc4 Nf6 4. d3 Nc6 5. a4 g6 6. Ng5 e6 7. f4 Bg7 8. O-O h6
9. Nf3 d5 10. exd5 exd5 11. Re1+ Be6 12. Bb5 O-O 13. Bxc6 bxc6 14. Ne5 Qd6 15.
Nd2 Rae8 16. Ndf3 Re7 17. b3 Rfe8 18. Ba3 d4 19. Qd2 Nd7 20. Qf2 Qd5 21. h3 Bf5
22. Nc4 h5 23. Rxe7 Rxe7 24. Rf1 Bf6 25. Nh4 Qe6 26. Nxf5 Qxf5 27. a5 Re6 28.
Qf3 h4 29. Nd2 Be7 30. Ne4 a6 31. Bc1 Nf6 32. Ng5 Rd6 33. Re1 Nd5 34. Re5 Qd7
35. Ne4 Re6 36. Qg4 Kg7 37. Bd2 Nf6 38. Nxf6 Bxf6 39. Rxe6 fxe6 40. Be1 Qe7 41.
Kf1 Kf7 42. Ke2 Qd8 43. Qf3 Qd7 44. Qe4 Qd6 45. Kf3 Qd7 46. Kg4 Qc8 47. Bxh4
Bxh4 48. Kxh4 Qd8+ 49. Kg4 Qxa5 50. Qxc6 Qe1 51. Qc7+ Kg8 52. Kg5 Qg3+ 53. Kf6
Qh4+ 54. Kxg6 Qg3+ 55. Kf6 Qh4+ 56. Kxe6 Qh6+ 57. Kd5 Qh5+ 58. Qe5 1-0

[Event "First Saturday Tournament Budapest"]
[Site "Budapest"]
[Date "2012.06.06"]
[Round "5.2"]
[White "Xu, Huahua"]
[Black "Serra Olives, Tomas"]
[Result "1-0"]
[WhiteElo "2168"]
[BlackElo "2153"]
[PlyCount "93"]
[EventDate "2012.06.02"]

1. e4 c5 2. Nf3 Nc6 3. Bb5 e6 4. O-O Nge7 5. d4 cxd4 6. Nxd4 a6 7. Bxc6 Nxc6 8.
c4 Bc5 9. Nb3 Ba7 10. c5 O-O 11. Nc3 b6 12. cxb6 Bxb6 13. Bf4 Qf6 14. Bd6 Rd8
15. Kh1 Bb7 16. Na4 Bd4 17. Nac5 Bxc5 18. Nxc5 Bc8 19. f4 Qxb2 20. Qg4 f5 21.
exf5 a5 22. Rab1 exf5 23. Qxf5 Qf6 24. Qxf6 gxf6 25. Rfe1 Kf7 26. a3 Re8 27.
Rxe8 Kxe8 28. Rb6 Nd4 29. g4 Ne6 30. Ne4 Kf7 31. Bb8 Ke7 32. Bd6+ Kf7 33. f5
Nd4 34. Bc5 Nc6 35. Nd6+ Kg7 36. Kg2 Ba6 37. h4 Be2 38. Kg3 Rb8 39. Rxb8 Nxb8
40. Bd4 Nc6 41. Bc3 Ne5 42. Bxe5 fxe5 43. g5 a4 44. Kf2 Bd3 45. Ke3 Bc2 46. f6+
Kg6 47. h5+ 1-0

[Event "First Saturday Tournament Budapest"]
[Site "Budapest"]
[Date "2012.06.06"]
[Round "5.4"]
[White "Lyell, Mark"]
[Black "Ernst, Michael"]
[Result "1-0"]
[WhiteElo "2184"]
[BlackElo "2233"]
[PlyCount "87"]
[EventDate "2012.06.02"]

1. e4 e6 2. d4 d5 3. e5 c5 4. c3 Nc6 5. Nf3 Qb6 6. a3 Nh6 7. b4 cxd4 8. Bxh6
gxh6 9. cxd4 Bg7 10. Nc3 O-O 11. Bd3 f6 12. exf6 Rxf6 13. O-O Rf4 14. g3 Rxd4
15. Nxd4 Qxd4 16. Rc1 Ne5 17. Be2 Qb6 18. Na4 Qd6 19. f4 Ng6 20. Bg4 b6 21. Re1
Bd7 22. Nc3 a5 23. Ne4 Qe7 24. f5 Ne5 25. fxe6 Bxe6 26. Bxe6+ Qxe6 27. Nc3 axb4
28. axb4 d4 29. Nb5 Rd8 30. Nc7 Qd7 31. Qb3+ Qf7 32. Qxf7+ Kxf7 33. Rf1+ Ke7
34. Nb5 Ke6 35. Rc7 Rd7 36. Nxd4+ Rxd4 37. Rxg7 Rxb4 38. Rxh7 Ng4 39. h3 Ne5
40. Rxh6+ Kd5 41. g4 Ke4 42. Re1+ Kd4 43. Rd6+ Kc3 44. Re3+ 1-0

[Event "First Saturday Tournament Budapest"]
[Site "Budapest"]
[Date "2012.06.06"]
[Round "5.5"]
[White "Krumpacnik, Domen"]
[Black "Lengyel, Bela"]
[Result "1/2-1/2"]
[WhiteElo "2382"]
[BlackElo "2260"]
[PlyCount "140"]
[EventDate "2012.06.02"]

1. d4 d5 2. c4 dxc4 3. e4 Nf6 4. e5 Nd5 5. Bxc4 Nc6 6. Nf3 e6 7. O-O Nb6 8. Bd3
Nb4 9. Be4 N4d5 10. Bg5 Be7 11. Bxe7 Qxe7 12. Nc3 Bd7 13. Nd2 Bc6 14. Nb3 a5
15. a3 O-O 16. Qc2 f5 17. exf6 gxf6 18. Rfe1 Qf7 19. Rad1 Kh8 20. Nxd5 Nxd5 21.
Rd3 f5 22. Bf3 Rg8 23. Qd2 b6 24. Qe2 a4 25. Nc1 Rae8 26. Qe5+ Rg7 27. Ne2 Bb5
28. Rd2 Bc4 29. Nc3 Nxc3 30. bxc3 Reg8 31. g3 h5 32. d5 exd5 33. Bxd5 Bxd5 34.
Rxd5 Rf8 35. Rd4 f4 36. Re2 Kg8 37. Qe6 Qxe6 38. Rxe6 Rf5 39. Rxa4 fxg3 40.
hxg3 Rc5 41. Re3 Kh7 42. Kg2 Rg6 43. Rae4 Rgc6 44. Re5 Kg6 45. Rxc5 Rxc5 46.
Kf3 Kf5 47. Ke2 Rc4 48. Kd3 b5 49. Re7 c6 50. Rh7 Kg4 51. Rh6 Kg5 52. Rd6 Kf5
53. Rd4 Rc5 54. Kc2 Kg5 55. Kb3 Rf5 56. Rd6 Rxf2 57. Rxc6 Rf3 58. Rc5+ Kg4 59.
Rxb5 Rxg3 60. Rb4+ Kh3 61. a4 h4 62. a5 Rg8 63. Ka4 Kg3 64. c4 h3 65. Rb3+ Kg2
66. Rb2+ Kg3 67. a6 h2 68. Rb1 Rc8 69. c5 Rxc5 70. a7 Rc8 1/2-1/2

[Event "First Saturday Tournament Budapest"]
[Site "Budapest"]
[Date "2012.06.08"]
[Round "6.1"]
[White "Szalanczy, Emil"]
[Black "Lengyel, Bela"]
[Result "1/2-1/2"]
[WhiteElo "2262"]
[BlackElo "2260"]
[PlyCount "43"]
[EventDate "2012.06.02"]

1. c4 e5 2. Nc3 Nf6 3. g3 d5 4. cxd5 Nxd5 5. Bg2 Nb6 6. Nf3 Nc6 7. O-O Be7 8.
d3 O-O 9. a3 Be6 10. b4 a5 11. b5 Nd4 12. Nd2 c6 13. Rb1 a4 14. bxc6 Nxc6 15.
Bb2 Nd5 16. Nxd5 Bxd5 17. Nf3 f6 18. e3 Qd7 19. Qe2 Rfd8 20. d4 e4 21. Nd2 Qe6
22. Rfc1 1/2-1/2

[Event "First Saturday Tournament Budapest"]
[Site "Budapest"]
[Date "2012.06.08"]
[Round "6.2"]
[White "Ernst, Michael"]
[Black "Krumpacnik, Domen"]
[Result "0-1"]
[WhiteElo "2233"]
[BlackElo "2382"]
[PlyCount "68"]
[EventDate "2012.06.02"]

1. d4 c5 2. d5 e5 3. c4 d6 4. e4 Be7 5. Nc3 Bg5 6. Nf3 Bxc1 7. Qxc1 Ne7 8. Qg5
O-O 9. Bd3 f6 10. Qe3 f5 11. O-O-O f4 12. Qd2 Ng6 13. Rdf1 Na6 14. Ne1 Nc7 15.
f3 Bd7 16. g3 Rb8 17. Ng2 b5 18. gxf4 bxc4 19. Bxc4 exf4 20. h4 Rb4 21. Bd3 Ne5
22. Be2 Qf6 23. h5 Rd4 24. Qc2 Rb8 25. Kb1 Nb5 26. Ka1 Nc4 27. Bxc4 Rxc4 28.
Rc1 Nd4 29. Qd2 Rcb4 30. Rb1 R8b6 31. b3 Nxf3 32. Qb2 Nd4 33. Rhf1 f3 34. Ne3
Ra6 0-1